02144nam a2200433 i 4500001001200000003000800012006001900020007001500039008004100054020001500095020001800110020002700128040003500155035002100190050002200211082001200233100003200245245012600277246003900403264005400442264001200496300003500508336002100543337002300564338003200587490012000619500007200739504005700811588004700868590014700915650002801062655002201090700003501112776035401147797001201501830005401513856012601567999001701693ebr10910500CaPaEBRm o d cr cn|||||||||110708t20112011gw ob 000 0 eng|d z3631585705 z9783631585702 a9783653050240 (e-book) aCaPaEBRbengerdaepncCaPaEBR a(OCoLC)88955119814aT14b.I756 2011eb04a6012231 aIrrgang, Bernhard,eauthor.10aBernhard Irrgang :bcritics of technological lifeworld : collection of philosophical essays /cArun Kumar Tripathi (ed.).30aCritics of technological lifeworld 1aFrankfurt am Main ;aNew York :bP. Lang,c[2011] 4c�2011 a1 online resource (155 pages). atext2rdacontent acomputer2rdamedia aonline resource2rdacarrier1 aDresden philosophy of technology studies = Dresdner Studien zur Philosophie der Technologie,x1861-423X ;vvolume 4 aMost of the essays in this volume are authored by Bernhard Irrgang. aIncludes bibliographical references (pages 137-152). aDescription based on print version record. aElectronic reproduction. Palo Alto, Calif. : ebrary, 2014. Available via World Wide Web. Access may be limited to ebrary affiliated libraries. 0aTechnologyxPhilosophy. 0aElectronic books.1 aTripathi, Arun Kumar,eeditor.08iPrint version:aIrrgang, Bernhard.tBernhard Irrgang : critics of technological lifeworld : collection of philosophical essays.dFrankfurt am Main : P. Lang, [2011]h152 pages ; 21 cmkDresden philosophy of technology studies = Dresdner Studien zur Philosophie der Technologie ; vol. 4x1861-423X ;z9783631585702w(OCoLC)ocn700145269w(DLC)109105002 aebrary. 0aDresden philosophy of technology studies ;vv. 4.40uhttp://site.ebrary.com/lib/rucke/Doc?id=10910500zAn electronic book accessible through the World Wide Web; click to view c52974d52974